| 000 | 00362nam a2200133Ia 4500 | ||
|---|---|---|---|
| 008 | 240624s9999 xx 000 0 und d | ||
| 041 | _aeng | ||
| 082 | _a658.312 CHA | ||
| 100 | _aCHANDLER M TAMRA | ||
| 245 | _aHOW PERFORMANCE MANAGEMENT IS KILLING PE | ||
| 260 |
_c2016 _aOakland _bBerrett-Koehler Publishers |
||
| 300 | _axvi, 233 p.; 23 cm. | ||
| 365 |
_c _b33 |
||
| 999 |
_c32279 _d32279 |
||